000 00780nas a2200265 4500
001 BR6700301
003 BR-BrBNA
005 20231205082238.0
007 ta
008 230509b bl.|||p| |||| 00| 00por d
040 _aBR-BrBNA
_bpor
_cBiblioteca Nacional de Agricultura
041 _a(Pt)
072 _aN20; F00
100 1 _aConill, A.
245 1 _aA renovadora de pastagens no plantio de arroz [Rio Grande do Sul; Brasil]
650 _aEquipamento Rural
650 _aProducao vegetal
650 _aArroz
650 _aMaquina agricola
650 _aPlantio
650 _aRio Grande do Sul
773 0 _tLavoura Arrozeira (Brazil)
_xISSN 0023-9143
_g(Jul 1967), v. 21(238) p. 25-26
_wBR6700301
909 _a202311
_bLúcia
_c55
_dLúcia Elande
942 _2AGRIS
_n0
_cANA
999 _c90267
_d90267